000 00482nam a2200181Ia 4500
005 20250423094956.0
008 250422s9999 xx 000 0 und d
020 _a9781685074289
050 _aQA 76.9. A25/
100 _aOh Bruce HO Kok-Boon
245 0 _aCybersecurity risk management
260 _aNew York
260 _bNova Science
260 _c2022
300 _a244 p
650 _aComputer security. Risk management. Computer crimes--Prevention.
942 _cBK
999 _c28863
_d28863